Szczegóły MARC21

La lingua italiana per stranieri : regole essenziali, esercizi ed esempi d'autore con le 3000 parole più usate nell'italiano d'oggi : corso superiore : (lezioni, esercizi, chiavi) /

003 -Nazwa inst., której nr kontr. jest w polu 001 [,]
    • @
    • Nazwa instytucji, której n kontrolny jest w polu 001
    • NUKAT
005 -DATA I CZAS OSTATNIEJ MODYFIKACJI [,]
    • @
    • pole kontrolne
    • 20241231103925.0
040 -Instytucja sporządzająca opis [ , ]
    • a
    • Instytucja, która sporządziła opis (NP)
    • KR U/19MLy
    • c
    • Instytucja, która sporządziła rekord (NP)
    • KR U/19MLy
    • d
    • Instytucja, która zmodyfikowała rekord (P)
    • KR U/19MLy
942 -Rodzaj dokumentu [ , ]
    • c
    • Rodzaj dokumentu
    • Książka
100 -Hasło główne - nazwa osobowa [1, ]
    • a
    • Nazwa osobowa (NP)
    • Katerinov, Katerin
    • d
    • Daty biograficzne (NP)
    • (1938-2016).
    • 9
    • KHW
    • 647691
245 -Strefa tytułu i oznaczenia odpowiedzialności [1,3]
    • a
    • Tytuł
    • La lingua italiana per stranieri : Find
    • b
    • Ciąg dalszy tytułu (NP)
    • regole essenziali, esercizi ed esempi d'autore con le 3000 parole più usate nell'italiano d'oggi : corso superiore : (lezioni, esercizi, chiavi) / Find
    • c
    • Pozostałe elementy strefy tytułu i oznaczenia odpowiedzialności (NP)
    • Katerin Katerinov.
246 -Wariant tytułu [3,0]
    • a
    • Tytuł (NP)
    • Corso superiore : lezioni, esercizi, chiavi
250 -Strefa wydania [ , ]
    • a
    • Oznaczenie wydania (NP)
    • 3 ed., rist.
260 -Strefa adresu wydawniczego [ , ]
    • a
    • Miejsce wydania (P)
    • Perugia :
    • b
    • Nazwa wydawcy (P)
    • Edizioni Guerra,
    • c
    • Data wydania (P)
    • 1982.
300 -Strefa opisu fizycznego [ , ]
    • a
    • Określenie formy książki i/lub objętość (NP)
    • X, 120, [4] s. ;
    • c
    • Format (NP)
    • 24 cm.
336 -Typ zawartości [ , ]
    • a
    • Termin opisujący typ zawartości
    • Tekst
    • b
    • Kod określający zawartość
    • txt
    • 2
    • Źródło (terminu i kodu)
    • rdacontent
337 -Typ mediów [ , ]
    • a
    • Tryb odtwarzania
    • Bez urządzenia pośredniczącego
    • b
    • Kod typu mediów
    • n
    • 2
    • Źródło (terminu i kodu)
    • rdamedia
338 -Typ/rodzaj nośnika [ , ]
    • a
    • Hasło opisujące typ nośnika
    • Wolumin
    • b
    • Kod typu nośnika
    • nc
    • 2
    • Źródło (terminu i kodu)
    • rdacarrier
080 -Uniwersalna Klasyfikacja Dziesiętna [ , ]
    • a
    • Symbol klasyfikacji
    • 805.0(07)
650 -Hasło przedmiotowe [ ,7]
    • a
    • Hasło przedmiotowe
    • Język włoski
    • v
    • Określnik formalny
    • podręczniki dla obcojęzycznych.
    • 2
    • Źródło terminu
    • kaba
    • 9
    • KHW
    • 597336
980 -Symbol UKD [ , ]
    • a
    • UKD
    • 805.0(07)
710 -Hasło dodatkowe - nazwa ciała zbiorowego [2, ]
    • a
    • Nazwa ciała zbiorowego lub nazwa geograficzna jako pierwszy element (NP)
    • Edizioni Guerra.
    • 4
    • Kod relacji
    • pbl
    • 9
    • KHW
    • 647692
Data inwentaryzacji Status udost. Lokalizacja Sygnatura Numer inwentarzowy
2000-06-09-3BGW.202145W.202145
2000-06-09-3BGW.202145W.202146
2000-06-09-3BGW.202145W.202147
2000-06-092BGW.202145W.202148
2000-06-092BGW.202145W.202149
2000-06-092BGW.202145W.202150
2000-06-092BGW.202145W.202151
2000-06-092BM A.5721
2000-06-09-3BM A.5722
2000-06-091BMWŁ. Nauka języka 06A.5723